| 000 | 00672cam a2200205 a 4500 | ||
|---|---|---|---|
| 001 | 000018214 | ||
| 005 | 20200929165414.0 | ||
| 008 | 840418s1967 ve ac 000 sbspa | ||
| 040 |
_aDO-SdBNP _bspa _cBNPHU |
||
| 082 |
_aN865.44 _bD218B |
||
| 100 | 1 |
_aBeltrán Guerrero, Luis, _d1914-1997. _939436 |
|
| 245 | 1 | 0 |
_aRuben Darío y Venezuela / _cLuis Beltrán Guerrero. |
| 260 |
_a[Caracas] : _bInstituto Nacional de Cultura y Bellas Artes, _c[1967]. |
||
| 300 |
_a32 p. : _bil. ; _c21 cm. |
||
| 490 | 1 |
_aHomenajes _v2 |
|
| 600 | 1 | 0 |
_aDARÍO, RUBEN, _d1867-1916. _915535 |
| 650 | 4 |
_aDiscursos _96584 |
|
| 650 | 4 |
_aLiteratura venezolana _93816 |
|
| 830 | 0 |
_aHomenajes ; _v2. _939437 |
|
| 999 |
_c17735 _d17735 |
||